000 01376cam a2200349 a 4500
999 _c331572
_d331572
001 14667943
003 NUST
005 20171004125917.0
008 061213s2006 pk ab b 001 0 eng
010 _a 2006332942
020 _a9780195473278
020 _a0195473272
025 _aP-E-2006332942;
040 _aDLC
_cDLC
042 _alcode
043 _aa-pk---
050 0 0 _aHN690.5.N64
_bV35 2006
082 _a307.1412095491
_bVAL
245 0 0 _aValleys in transition :
_btwenty years of AKRSP's experience in Northern Pakistan /
_cedited by Geof Wood, Abdul Malik and Sumaira Sagheer.
260 _aKarachi :
_bOxford University Press,
_c2006.
300 _axxxviii, 522 p. :
_bill. maps. ;
_c22 cm.
504 _aIncludes bibliographical references (p. [499]-513) and index.
610 2 0 _aAga Khan Rural Support Programme.
_95230
650 0 _aRural development
_zPakistan
_zNorthern Areas.
_95231
650 0 _aRural development
_zPakistan
_zChitrāl District.
_95232
650 0 _aPoverty
_zPakistan
_zNorthern Areas.
_95233
650 0 _aPoverty
_zPakistan
_zChitrāl District.
_95234
700 1 _aWood, Geoffrey D.,
_d1945-
_95235
700 1 _aMalik, Abdul.
_95236
700 1 _aSagheer, Sumaira.
_95237
906 _a7
_bcbc
_corigode
_d3
_encip
_f20
_gy-gencatlg
942 _2ddc
_cBK